Estado y desarrollo agrario en Centroamérica (segunda parte)
Salvato in:
| Natura: | testo |
|---|---|
| Soggetti: | |
| Tags: |
Aggiungi Tag
Nessun Tag, puoi essere il primo ad aggiungerne!!
|
MARC
| LEADER | 00000 a a2200000 04500 | ||
|---|---|---|---|
| 001 | 17873 | ||
| 003 | |||
| 040 | |||
| 245 | |a Estado y desarrollo agrario en Centroamérica (segunda parte) | ||
| 650 | |a DESARROLLO AGROPECUARIO | ||
| 650 | |a TERRATENIENTES | ||
| 650 | |a LUCHA DE CLASES | ||
| 650 | |a CENTROAMERICA | ||
| 773 | |g volumen 3, número 36. (1979). páginas 307-311 | ||
| 999 | |c 27905 |d 27905 | ||
